[Event "XIV American Continental"]
[Site "Sao Paulo BRA"]
[Date "2019.07.05"]
[Round "1.77"]
[White "Cabral Mesquita, Jussier"]
[Black "Alboredo, Julia"]
[Result "0-1"]
[WhiteElo "1728"]
[BlackElo "2175"]
[EventDate "2019.07.05"]
[PlyCount "86"]
[EventRounds "11"]
[EventCountry "BRA"]

1.d4 Nf6 2.c3 d5 3.Bg5 e6 4.Nd2 Be7 5.e3 O-O 6.f4 b6 7.Bd3 c5 8.Qe2 Bb7 9.
Ngf3 Ne4 10.Bxe7 Qxe7 11.O-O Nd7 12.Rac1 a5 13.a4 Ndf6 14.Bb5 Nd6 15.Bd3 
Nde4 16.Bb5 Rac8 17.Ne5 Rc7 18.Bd3 Nd6 19.Qf3 Nfe4 20.Qe2 f6 21.Ng4 Qd7 
22.Ra1 Bc6 23.Qd1 Nxd2 24.Qxd2 Bxa4 25.Rf3 Bb5 26.Bc2 Ne4 27.Qe1 e5 28.Nf2
Nxf2 29.Qxf2 e4 30.Rh3 f5 31.Qh4 g6 32.Bd1 Qe7 33.Qh6 cxd4 34.cxd4 Qb4 35.
Bh5 Rg7 36.Rg3 Qxb2 37.Rd1 Kf7 38.Bxg6+ hxg6 39.Rxg6 Rxg6 40.Qh7+ Kf6 41.
Qh4+ Kg7 42.Qe7+ Kg8 43.g3 Qe2 0-1

[Event "XIV American Continental"]
[Site "Sao Paulo BRA"]
[Date "2019.07.05"]
[Round "1.78"]
[White "Fiaes, Mario Henrique Andrade"]
[Black "Passos Coutinho, Eduardo"]
[Result "1-0"]
[WhiteElo "2173"]
[BlackElo "1728"]
[EventDate "2019.07.05"]
[PlyCount "85"]
[EventRounds "11"]
[EventCountry "BRA"]

1.d4 Nf6 2.c4 c5 3.d5 b5 4.cxb5 a6 5.bxa6 g6 6.Nc3 Bg7 7.e4 O-O 8.Nf3 d6 
9.Be2 Bxa6 10.O-O Nbd7 11.Re1 Bxe2 12.Rxe2 Ng4 13.Bf4 Nde5 14.Nxe5 Bxe5 
15.Bxe5 Nxe5 16.f4 Ng4 17.h3 Nh6 18.Qd2 f6 19.Rae1 Nf7 20.b3 Qb6 21.Kh1 
Qb4 22.Na4 Qxd2 23.Rxd2 Rfb8 24.e5 fxe5 25.fxe5 c4 26.exd6 exd6 27.Re3 Ne5
28.Rc3 Rb5 29.Kh2 Raa5 30.bxc4 Rb4 31.Nb2 Rxa2 32.Rcc2 Kf7 33.Nd3 Rxc2 34.
Nxe5+ dxe5 35.Rxc2 Ke7 36.c5 Rb8 37.Ra2 Rb7 38.Ra6 Rd7 39.Re6+ Kf7 40.Rxe5
Kf6 41.c6 Rc7 42.Re6+ Kf7 43.Kg3 1-0

[Event "XIV American Continental"]
[Site "Sao Paulo BRA"]
[Date "2019.07.05"]
[Round "1.79"]
[White "Itagyba, Renan Fortes"]
[Black "Bueno, Alfeu Junior Varela"]
[Result "0-1"]
[WhiteElo "1719"]
[BlackElo "2169"]
[EventDate "2019.07.05"]
[PlyCount "46"]
[EventRounds "11"]
[EventCountry "BRA"]

1.e4 e6 2.d3 d5 3.Nd2 Nf6 4.Ngf3 Bc5 5.e5 Nfd7 6.d4 Bb6 7.Bd3 c5 8.c3 Nc6 
9.Qa4 O-O 10.O-O f6 11.exf6 Qxf6 12.Bb5 e5 13.Bxc6 bxc6 14.Nxe5 cxd4 15.
cxd4 Nxe5 16.dxe5 Bxf2+ 17.Kh1 Qxe5 18.Nf3 Qe2 19.Bf4 Bb7 20.Ne5 Rae8 21.
Nd3 Qxd3 22.Rxf2 Re4 23.Qxa7 Rexf4 0-1

[Event "XIV American Continental"]
[Site "Sao Paulo BRA"]
[Date "2019.07.05"]
[Round "1.80"]
[White "Carvalho Fattoruso, Guillermo"]
[Black "Souza Junior, Helemberg Cubica de"]
[Result "1-0"]
[WhiteElo "2162"]
[BlackElo "1714"]
[EventDate "2019.07.05"]
[PlyCount "73"]
[EventRounds "11"]
[EventCountry "BRA"]

1.d4 Nf6 2.Nf3 e6 3.g3 Be7 4.Bg2 O-O 5.O-O d5 6.c4 c6 7.b3 Nbd7 8.Nbd2 b6 
9.Bb2 Bb7 10.Qc2 Rc8 11.Rac1 c5 12.dxc5 Bxc5 13.Qb1 dxc4 14.Nxc4 b5 15.
Ncd2 Qb6 16.Qa1 Rfd8 17.e3 Bf8 18.Bd4 Bc5 19.b4 Bxd4 20.Qxd4 Qxd4 21.Nxd4 
Bxg2 22.Kxg2 Nb6 23.N2b3 Nfd5 24.Nc6 Rd7 25.e4 Ne7 26.Nxe7+ Rxe7 27.Rxc8+ 
Nxc8 28.Rc1 Nb6 29.Rc5 g6 30.Rxb5 f5 31.e5 g5 32.Rc5 Nd5 33.a3 h5 34.Nd4 
f4 35.Nxe6 Nb6 36.Nxg5 fxg3 37.hxg3 1-0

[Event "XIV American Continental"]
[Site "Sao Paulo BRA"]
[Date "2019.07.05"]
[Round "1.81"]
[White "Feller, Gabriela Luisa Vicente"]
[Black "Caetano, Ryan Wesley da Costa"]
[Result "0-1"]
[WhiteElo "1710"]
[BlackElo "2155"]
[EventDate "2019.07.05"]
[PlyCount "58"]
[EventRounds "11"]
[EventCountry "BRA"]

1.e4 c5 2.Nf3 d6 3.d4 cxd4 4.Nxd4 Nf6 5.Nc3 a6 6.Be2 e6 7.Be3 Be7 8.Qd2 
Qc7 9.O-O-O O-O 10.f3 b5 11.g4 Bb7 12.g5 Nfd7 13.g6 hxg6 14.h4 e5 15.Nb3 
Nf6 16.Rdg1 Nh5 17.Nd5 Bxd5 18.Qxd5 Nd7 19.Nd2 Rac8 20.Qb3 Nc5 21.Qc3 Qb8 
22.Bxc5 dxc5 23.Nf1 c4 24.Ng3 Bc5 25.Nxh5 Bxg1 26.Rxg1 gxh5 27.f4 Qb6 28.
Rg5 f6 29.Rg6 Qf2 0-1

[Event "XIV American Continental"]
[Site "Sao Paulo BRA"]
[Date "2019.07.05"]
[Round "1.82"]
[White "Campelo, Leandro Fabricio"]
[Black "Mesquita, Arnaldo Leite"]
[Result "1-0"]
[WhiteElo "2155"]
[BlackElo "1703"]
[EventDate "2019.07.05"]
[PlyCount "64"]
[EventRounds "11"]
[EventCountry "BRA"]

1.e4 e5 2.Nf3 Nf6 3.Nxe5 d6 4.Nf3 Nxe4 5.Bd3 d5 6.O-O Be7 7.c3 O-O 8.h3 
Nd7 9.Bc2 h6 10.d3 Ng5 11.Nbd2 Ne6 12.d4 a5 13.Re1 c6 14.Nf1 Ng5 15.Ne5 
Nf6 16.Ng3 Bd6 17.Bf4 Be6 18.Qd2 Ngh7 19.Nf5 Bxe5 20.dxe5 Ne4 21.Bxe4 dxe4
22.Nd6 Qc7 23.Rad1 g5 24.Bg3 Rad8 25.Qe3 Bd5 26.Rd4 Qd7 27.h4 f5 28.exf6 
Rxf6 29.c4 gxh4 30.Bxh4 Rxd6 31.Bxd8 Qxd8 32.cxd5 cxd5 1-0

[Event "XIV American Continental"]
[Site "Sao Paulo BRA"]
[Date "2019.07.05"]
[Round "1.83"]
[White "Melo, Luiz Claudio Parijos de"]
[Black "Madeira, Wagner Martins"]
[Result "0-1"]
[WhiteElo "1695"]
[BlackElo "2150"]
[EventDate "2019.07.05"]
[PlyCount "98"]
[EventRounds "11"]
[EventCountry "BRA"]

1.e4 c5 2.Nf3 d6 3.d4 cxd4 4.Nxd4 Nf6 5.Nc3 g6 6.Be3 Bg7 7.Bc4 O-O 8.Bb3 
Nc6 9.Qd2 Ng4 10.Nxc6 bxc6 11.Bg5 h6 12.Bf4 Kh7 13.f3 Ne5 14.h4 a5 15.
O-O-O Ba6 16.Qf2 Nc4 17.Na4 Bb5 18.Bxc4 Bxa4 19.e5 Qb8 20.h5 g5 21.Bd3+ 
Kh8 22.Be3 dxe5 23.b3 Bb5 24.c4 Ba6 25.Be4 Qb7 26.Bb6 Rfb8 27.c5 a4 28.Bb1
axb3 29.axb3 e6 30.Qc2 f5 31.Rd6 Qf7 32.g4 Rf8 33.Rhd1 Bb5 34.Rd7 Qf6 35.
R1d6 e4 36.gxf5 Bd3 37.Rxe6 Qa1 38.f6 Rxf6 39.Rxd3 Rxe6 40.fxe4 Rf8 41.Rd8
Rf6 42.e5 Rf1+ 43.Rd1 Rxd1+ 44.Kxd1 Rf1+ 45.Kd2 Rxb1 46.Kd3 Rb2 47.Qc4 
Qf1+ 48.Ke4 Qf4+ 49.Kd3 Qf3+ 0-1

[Event "XIV American Continental"]
[Site "Sao Paulo BRA"]
[Date "2019.07.05"]
[Round "1.84"]
[White "Balzano, Ivan"]
[Black "Sato, Leticia Miho"]
[Result "0-1"]
[WhiteElo "2141"]
[BlackElo "1693"]
[EventDate "2019.07.05"]
[PlyCount "64"]
[EventRounds "11"]
[EventCountry "BRA"]

1.e4 e5 2.Nf3 Nf6 3.Nxe5 d6 4.Nf3 Nxe4 5.Nc3 Nxc3 6.dxc3 Be7 7.Be3 Nc6 8.
Qd2 Be6 9.O-O-O Qd7 10.Kb1 a6 11.Bd3 O-O-O 12.Rhe1 Kb8 13.Nd4 Bf6 14.Be4 
Ne5 15.Nxe6 fxe6 16.Qe2 Qa4 17.Bd4 Rhf8 18.h3 g6 19.g3 Nd7 20.f4 Bh8 21.
Bg2 e5 22.Be3 Rde8 23.Qd2 Qb5 24.b3 exf4 25.Bxf4 Qa5 26.Kb2 Nc5 27.Be3 
Na4+ 28.bxa4 Qb4+ 29.Kc1 Bxc3 30.Qxc3 Qxc3 31.Bd4 Qxg3 32.Rxe8+ Rxe8 0-1

[Event "XIV American Continental"]
[Site "Sao Paulo BRA"]
[Date "2019.07.05"]
[Round "1.85"]
[White "Nobre, Jailson Altair Barbosa"]
[Black "Federzoni, Enzo"]
[Result "0-1"]
[WhiteElo "1692"]
[BlackElo "2140"]
[EventDate "2019.07.05"]
[PlyCount "52"]
[EventRounds "11"]
[EventCountry "BRA"]

1.e4 c5 2.Nf3 d6 3.c3 Nf6 4.Be2 g6 5.O-O Bg7 6.Re1 O-O 7.Bf1 Nc6 8.h3 e5 
9.d4 Re8 10.d5 Ne7 11.Bb5 Rf8 12.c4 Nh5 13.Nc3 f5 14.Ng5 fxe4 15.Ncxe4 Nf4
16.Bxf4 exf4 17.Qd2 Bd4 18.Ne6 Bxe6 19.dxe6 d5 20.cxd5 Qxd5 21.Bd7 Qh5 22.
Nd6 f3 23.Nf7 fxg2 24.Kxg2 Nf5 25.Kh2 Nh4 26.Kg3 Qf3+ 0-1

[Event "XIV American Continental"]
[Site "Sao Paulo BRA"]
[Date "2019.07.05"]
[Round "1.86"]
[White "Tomiello, Lucas Costamilan"]
[Black "Do Prado, Hamilton Mesquita"]
[Result "1-0"]
[WhiteElo "2133"]
[BlackElo "1675"]
[EventDate "2019.07.05"]
[PlyCount "61"]
[EventRounds "11"]
[EventCountry "BRA"]

1.e4 d6 2.d4 Nf6 3.Nc3 Nbd7 4.Nf3 e5 5.Bc4 h6 6.O-O Be7 7.Re1 c6 8.a4 a5 
9.h3 Qc7 10.Ba2 g5 11.dxe5 dxe5 12.Nh2 Nf8 13.Ng4 Nxg4 14.hxg4 Be6 15.Be3 
Bxa2 16.Rxa2 Ne6 17.Ne2 Rd8 18.Qc1 Nf4 19.Ng3 O-O 20.Nf5 Kh7 21.g3 Ne6 22.
Kg2 Kg6 23.Rh1 Rh8 24.Rh5 Rh7 25.Ra1 Rdh8 26.Qd1 f6 27.Qf3 Bf8 28.Rd1 Qc8 
29.Bb6 Bc5 30.Bxc5 Nxc5 31.Rxh6+ 1-0

[Event "XIV American Continental"]
[Site "Sao Paulo BRA"]
[Date "2019.07.05"]
[Round "1.88"]
[White "Freitas, Remulo Aguiar"]
[Black "Olivo, Anibal Ribeiro"]
[Result "1-0"]
[WhiteElo "2129"]
[BlackElo "1649"]
[EventDate "2019.07.05"]
[PlyCount "57"]
[EventRounds "11"]
[EventCountry "BRA"]

1.d4 Nf6 2.Bg5 g6 3.Bxf6 exf6 4.e3 Bg7 5.Ne2 O-O 6.h4 h5 7.Nf4 f5 8.Bd3 d6
9.Nd2 c5 10.c3 Nd7 11.Bc4 Kh7 12.Nf3 Bh6 13.Ng5+ Bxg5 14.hxg5 Qxg5 15.Nxh5
Kg8 16.Nf4 Nb6 17.Bb3 Bd7 18.Rh3 c4 19.Bc2 Kg7 20.Rg3 Qh4 21.Nh5+ Kg8 22.
Rh3 Qg5 23.Nf4 Kg7 24.Nh5+ Kg8 25.Kf1 Nd5 26.Qf3 Bc6 27.e4 fxe4 28.Bxe4 
Ne7 29.Nf6+ 1-0

[Event "XIV American Continental"]
[Site "Sao Paulo BRA"]
[Date "2019.07.05"]
[Round "1.89"]
[White "Andreata, Mauro Antonio"]
[Black "Andrade, Roberto Luiz Costa"]
[Result "1/2-1/2"]
[WhiteElo "1648"]
[BlackElo "2123"]
[EventDate "2019.07.05"]
[PlyCount "86"]
[EventRounds "11"]
[EventCountry "BRA"]

1.d4 Nf6 2.c4 e6 3.Nf3 b6 4.Nc3 Bb4 5.Bd2 O-O 6.e3 Bb7 7.Bd3 d5 8.O-O Nbd7
9.Rc1 Re8 10.a3 Bf8 11.Re1 c5 12.h3 Rc8 13.cxd5 exd5 14.Bf5 g6 15.Bb1 c4 
16.Ne2 b5 17.Ng3 a5 18.Qc2 b4 19.axb4 axb4 20.Qd1 Qa5 21.Re2 Ba6 22.Be1 
Bd6 23.Bc2 Qb6 24.Ra1 b3 25.Bb1 Bxg3 26.fxg3 c3 27.Bxc3 Bxe2 28.Qxe2 Ra8 
29.Rxa8 Rxa8 30.Kh2 Ra1 31.Bd3 h5 32.Qf2 Qe6 33.Ng5 Qe7 34.Qf4 Ra8 35.e4 
Nxe4 36.Nxe4 dxe4 37.Bxe4 Ra6 38.d5 Nf6 39.Bf3 Kh7 40.Qc4 Ra7 41.Qxb3 h4 
42.Qb8 Rc7 43.gxh4 Ne8 1/2-1/2

[Event "XIV American Continental"]
[Site "Sao Paulo BRA"]
[Date "2019.07.05"]
[Round "1.90"]
[White "Bortoloso, Moacir Canella"]
[Black "Cadilhac, Mariana Sawae Kikuchi"]
[Result "1-0"]
[WhiteElo "2120"]
[BlackElo "1639"]
[EventDate "2019.07.05"]
[PlyCount "81"]
[EventRounds "11"]
[EventCountry "BRA"]

1.d4 d5 2.e4 e6 3.Nc3 Nf6 4.e5 Nfd7 5.Nf3 c5 6.dxc5 Bxc5 7.Bd3 O-O 8.Bxh7+
Kxh7 9.Ng5+ Kg6 10.Qd3+ f5 11.Nxe6 Nxe5 12.Qg3+ Ng4 13.Nxd8 Bxf2+ 14.Qxf2 
Nxf2 15.Kxf2 Rxd8 16.Rd1 Be6 17.Nb5 Rd7 18.Bf4 Na6 19.c3 b6 20.b4 Rc8 21.
Rd3 Kf7 22.Nd6+ Rxd6 23.Bxd6 Rc6 24.Be5 Nc7 25.a4 Ne8 26.Re1 Nf6 27.Bxf6 
Kxf6 28.h4 Rc4 29.g3 Re4 30.Rd4 a6 31.Re3 Ke5 32.Rexe4+ fxe4 33.Ke3 b5 34.
axb5 axb5 35.Rd1 Bg4 36.Ra1 g6 37.Ra6 Bf5 38.Rb6 Bd7 39.Rxg6 Kf5 40.Rg5+ 
Ke6 41.Kd4 1-0

[Event "XIV American Continental"]
[Site "Sao Paulo BRA"]
[Date "2019.07.05"]
[Round "1.91"]
[White "Haraguchi, Diego Sashaki"]
[Black "De Borba, Gabriel"]
[Result "0-1"]
[WhiteElo "1634"]
[BlackElo "2116"]
[EventDate "2019.07.05"]
[PlyCount "78"]
[EventRounds "11"]
[EventCountry "BRA"]

1.d4 Nf6 2.c4 g6 3.Nf3 Bg7 4.Nc3 d5 5.Bg5 Ne4 6.Bf4 Nxc3 7.bxc3 O-O 8.g3 
c5 9.Bg2 Nc6 10.O-O dxc4 11.d5 Na5 12.Qd2 Bf5 13.Nh4 Rc8 14.Nxf5 gxf5 15.
Bh6 e6 16.dxe6 fxe6 17.Qe3 Bxh6 18.Qxh6 Qf6 19.Qxf6 Rxf6 20.Rad1 Rc7 21.
Rd8+ Rf8 22.Rd6 Kf7 23.Rfd1 Ke7 24.e4 Nc6 25.exf5 Nd4 26.Rxe6+ Nxe6 27.
fxe6 Rd8 28.Rxd8 Kxd8 29.f4 Ke7 30.f5 b5 31.Bf1 Rc6 32.Kf2 Ra6 33.g4 Rxa2+
34.Ke3 Rxh2 35.Ke4 a5 36.Ke5 Rf2 37.Bh3 h6 38.Kd5 a4 39.Kxc5 a3 0-1

[Event "XIV American Continental"]
[Site "Sao Paulo BRA"]
[Date "2019.07.05"]
[Round "1.92"]
[White "Piccoli, Lucas Fonseca"]
[Black "Da Rosa, Henrique Jaze Simoes"]
[Result "1-0"]
[WhiteElo "2116"]
[BlackElo "1633"]
[EventDate "2019.07.05"]
[PlyCount "81"]
[EventRounds "11"]
[EventCountry "BRA"]

1.e4 c5 2.Nf3 d6 3.d4 cxd4 4.Nxd4 Nf6 5.Nc3 a6 6.Bg5 e6 7.f4 Be7 8.Qf3 h6 
9.Bh4 Qc7 10.O-O-O Nbd7 11.Be2 O-O 12.g4 b5 13.g5 Nh7 14.gxh6 Bxh4 15.Qg4 
Bf6 16.Nd5 exd5 17.hxg7 Bxd4 18.gxf8=Q+ Kxf8 19.Rxd4 Ndf6 20.Qh4 dxe4 21.
Rhd1 d5 22.Rxd5 Be6 23.Rd6 Ke7 24.a3 Rc8 25.c3 Qxd6 26.Rxd6 Kxd6 27.Qf2 
Rc5 28.Qd4+ Kc6 29.b4 Rc4 30.Bxc4 Bxc4 31.a4 Bd3 32.a5 Nd7 33.Qa7 Nhf6 34.
Qxa6+ Kd5 35.Qa7 Ke6 36.a6 Nd5 37.f5+ Kd6 38.Qd4 Kc6 39.h4 N7f6 40.Kd2 Nb6
41.Qc5+ 1-0

[Event "XIV American Continental"]
[Site "Sao Paulo BRA"]
[Date "2019.07.05"]
[Round "1.93"]
[White "Dabraccio, Guillermo"]
[Black "Borges, Wagner da Silva"]
[Result "0-1"]
[WhiteElo "1611"]
[BlackElo "2114"]
[EventDate "2019.07.05"]
[PlyCount "76"]
[EventRounds "11"]
[EventCountry "BRA"]

1.d4 Nf6 2.c4 g6 3.Nc3 d5 4.cxd5 Nxd5 5.Qb3 Nxc3 6.bxc3 Bg7 7.Nf3 O-O 8.
Bf4 c5 9.Be5 cxd4 10.Bxg7 Kxg7 11.Nxd4 Qa5 12.g3 e5 13.Nc2 Be6 14.Qb4 Nc6 
15.Qxa5 Nxa5 16.Bg2 Rac8 17.O-O Rxc3 18.Ne3 Rd8 19.Rfb1 b6 20.Rb2 Rdc8 21.
Be4 Rc1+ 22.Rxc1 Rxc1+ 23.Kg2 Nc4 24.Nxc4 Rxc4 25.Bd3 Ra4 26.Bb1 Ra3 27.
Rd2 Kf6 28.f3 Ke7 29.Kf2 b5 30.Rd3 Rxd3 31.exd3 Kd6 32.Ke3 Kc5 33.Ke4 f6 
34.f4 Bd5+ 35.Ke3 Kb4 36.d4 exf4+ 37.gxf4 Kc3 38.Bd3 b4 0-1

[Event "XIV American Continental"]
[Site "Sao Paulo BRA"]
[Date "2019.07.05"]
[Round "1.94"]
[White "Tomiello, Mateus Costamilan"]
[Black "De Oliveira, Francemir Barra"]
[Result "1-0"]
[WhiteElo "2114"]
[BlackElo "1600"]
[EventDate "2019.07.05"]
[PlyCount "63"]
[EventRounds "11"]
[EventCountry "BRA"]

1.e4 e5 2.Nf3 Nc6 3.Bb5 Bd6 4.O-O a6 5.Ba4 Qf6 6.Nc3 Nge7 7.d3 h6 8.Be3 
O-O 9.a3 Rb8 10.d4 b5 11.Bb3 b4 12.axb4 Rxb4 13.d5 Nd4 14.Bxd4 exd4 15.Na2
Rxb3 16.cxb3 c5 17.b4 g5 18.h3 h5 19.Re1 Ng6 20.bxc5 Bxc5 21.e5 Qb6 22.
Nxg5 Kg7 23.Qxh5 Rh8 24.Qf3 Rf8 25.Nc1 f6 26.exf6+ Rxf6 27.Qh5 Rxf2 28.
Qh7+ Kf6 29.Ne4+ Kf5 30.Ng3+ Kf6 31.Ne4+ Kf5 32.Qh5+ 1-0

[Event "XIV American Continental"]
[Site "Sao Paulo BRA"]
[Date "2019.07.05"]
[Round "1.95"]
[White "Da Silveira, Thiago Graca"]
[Black "Luz, Arthur Nader"]
[Result "0-1"]
[WhiteElo "1590"]
[BlackElo "2114"]
[EventDate "2019.07.05"]
[PlyCount "96"]
[EventRounds "11"]
[EventCountry "BRA"]

1.d4 Nf6 2.c4 g6 3.g3 Bg7 4.Bg2 O-O 5.Nf3 d6 6.O-O Nc6 7.d5 Na5 8.Qd3 Bf5 
9.Qd1 Nxc4 10.Nc3 Qd7 11.Nd4 Bh3 12.f3 Bxg2 13.Kxg2 c5 14.dxc6 bxc6 15.b3 
Nb6 16.Bb2 Nfd5 17.Nxd5 Nxd5 18.Qd2 c5 19.e4 Nc7 20.Ne2 Bxb2 21.Qxb2 Nb5 
22.Rad1 Qc6 23.a4 Nc7 24.Nc3 Rab8 25.Qc2 Qb7 26.Rb1 Ne6 27.Nd5 Nd4 28.Qc3 
e6 29.Nf6+ Kg7 30.Ng4 h5 31.Nf2 Qb4 32.Qe3 Nxb3 33.Rfd1 Rfd8 34.Rd3 c4 35.
Rc3 Qxa4 36.Rb2 a5 37.e5 d5 38.Qg5 Nc5 39.Rxb8 Rxb8 40.Qf6+ Kg8 41.f4 Qd7 
42.g4 Rb2 43.gxh5 Ne4 44.Qh4 Rxf2+ 45.Kg1 g5 46.fxg5 Qb5 47.Rc1 Qc5 48.Kh1
Qe3 0-1

[Event "XIV American Continental"]
[Site "Sao Paulo BRA"]
[Date "2019.07.05"]
[Round "1.96"]
[White "Januario, Severino Pereira"]
[Black "Ferreira, Caio Tulio Moreira"]
[Result "1-0"]
[WhiteElo "2112"]
[BlackElo "1579"]
[EventDate "2019.07.05"]
[PlyCount "75"]
[EventRounds "11"]
[EventCountry "BRA"]

1.d4 Nf6 2.Bg5 Ne4 3.Bf4 c5 4.f3 Nf6 5.dxc5 Qa5+ 6.Nc3 Qxc5 7.Qd2 g6 8.e4 
Nc6 9.Nb5 e5 10.Bg5 Ke7 11.Be3 Nd4 12.Nxd4 exd4 13.Bxd4 Qc6 14.Ne2 Bg7 15.
Nc3 Rd8 16.Bb5 Qe6 17.O-O-O Kf8 18.Ba4 a6 19.Bb3 Qc6 20.e5 Ne8 21.Bd5 Qc7 
22.Qe3 d6 23.Bb6 Qe7 24.Bxd8 Qxd8 25.f4 Qa5 26.Kb1 dxe5 27.fxe5 Nc7 28.Bb3
Be6 29.Rhf1 Bxb3 30.axb3 Re8 31.Rd7 Rxe5 32.Rfxf7+ Ke8 33.Rfe7+ Kf8 34.
Qf4+ Rf5 35.Rf7+ Ke8 36.Rde7+ Kd8 37.Qd6+ Kc8 38.Rxc7+ 1-0

[Event "XIV American Continental"]
[Site "Sao Paulo BRA"]
[Date "2019.07.05"]
[Round "1.97"]
[White "Nobre, Jose Adalberto Barbosa"]
[Black "Maia, Marco Aurelio Ferreira"]
[Result "0-1"]
[WhiteElo "1577"]
[BlackElo "2108"]
[EventDate "2019.07.05"]
[PlyCount "82"]
[EventRounds "11"]
[EventCountry "BRA"]

1.e4 d6 2.d4 Nf6 3.Nc3 c6 4.Nf3 Bg4 5.g3 e6 6.Bg2 Be7 7.O-O d5 8.h3 Bh5 9.
e5 Nfd7 10.Ne2 O-O 11.Nf4 Bg6 12.Nxg6 hxg6 13.Re1 c5 14.c3 Nc6 15.Be3 cxd4
16.cxd4 Rc8 17.h4 Nb4 18.Re2 Qb6 19.a3 Nc6 20.Rc2 Na5 21.Nd2 Rxc2 22.Qxc2 
Nc6 23.Nf3 Rc8 24.Rc1 Qd8 25.Nd2 Nb6 26.Bf1 Nxd4 27.Qd1 Rxc1 28.Qxc1 Nc6 
29.f4 a6 30.Bxa6 Nxe5 31.fxe5 bxa6 32.Nf3 Nc4 33.Bf2 Qb8 34.Bd4 Qb3 35.Bc3
Bc5+ 36.Kh2 Be3 37.Qe1 Qc2+ 38.Kh1 Bf2 39.Qf1 Ne3 40.Qh3 Qd1+ 41.Ne1 Bxe1 
0-1

[Event "XIV American Continental"]
[Site "Sao Paulo BRA"]
[Date "2019.07.05"]
[Round "1.98"]
[White "Carvalho, Felipe Lobo"]
[Black "Leite, Tarcisio Dantas Frota"]
[Result "1-0"]
[WhiteElo "2106"]
[BlackElo "1571"]
[EventDate "2019.07.05"]
[PlyCount "101"]
[EventRounds "11"]
[EventCountry "BRA"]

1.d4 d5 2.Bf4 Nf6 3.e3 e6 4.Nf3 Be7 5.Bd3 c5 6.c3 O-O 7.Nbd2 Nc6 8.Ne5 Qb6
9.Rb1 Qd8 10.h4 Nd7 11.Ndf3 Nf6 12.Nxc6 bxc6 13.Ne5 Bb7 14.Qf3 cxd4 15.
exd4 c5 16.dxc5 Bxc5 17.Bg5 Be7 18.O-O Ne4 19.Bxe7 Qxe7 20.Bxe4 dxe4 21.
Qf4 Rad8 22.Rfd1 Qc7 23.Ng6 Qxf4 24.Nxf4 e5 25.Ne2 Rd3 26.Ng3 Rfd8 27.Re1 
f6 28.Nxe4 Bxe4 29.Rxe4 Rd2 30.Kf1 Rc2 31.Re2 Rdd2 32.Rxd2 Rxd2 33.Ke1 Rc2
34.Rd1 Rxb2 35.Rd8+ Kf7 36.Rd7+ Ke6 37.Rxa7 Rc2 38.Rxg7 Rxc3 39.Rxh7 Ra3 
40.h5 Rxa2 41.g4 Ra3 42.Kf1 Rh3 43.Kg2 Rh4 44.f3 Kd6 45.Rh6 Ke7 46.Rh7+ 
Ke6 47.Ra7 e4 48.Ra1 exf3+ 49.Kg3 Rxg4+ 50.Kxg4 f2 51.Kg3 1-0

[Event "XIV American Continental"]
[Site "Sao Paulo BRA"]
[Date "2019.07.05"]
[Round "1.99"]
[White "Haraguchi, Matheus Sashaki"]
[Black "Barreto, Ignacio C. De Barros"]
[Result "1-0"]
[WhiteElo "1555"]
[BlackElo "2101"]
[EventDate "2019.07.05"]
[PlyCount "81"]
[EventRounds "11"]
[EventCountry "BRA"]

1.c4 Nf6 2.Nc3 e5 3.g3 c6 4.Bg2 d5 5.cxd5 cxd5 6.d4 exd4 7.Qxd4 Nc6 8.Qd1 
Be6 9.e3 Qd7 10.Nf3 Bc5 11.O-O O-O 12.Nb5 Bg4 13.Qc2 Bb6 14.Nbd4 Rfe8 15.
Bd2 Rac8 16.Qd3 Ne4 17.Nxc6 bxc6 18.Rac1 Qf5 19.Nh4 Qh5 20.Rce1 Nxd2 21.
Qxd2 g5 22.h3 gxh4 23.hxg4 Qxg4 24.Kh2 Bc7 25.Bh3 Bxg3+ 26.Kg2 Qe4+ 27.Kg1
Bc7 28.Bxc8 Rxc8 29.f3 Qg6+ 30.Qg2 Bg3 31.Re2 Re8 32.e4 d4 33.Rd2 c5 34.b3
Re5 35.Qh3 Qg5 36.Rg2 Qe3+ 37.Kh1 d3 38.Qxh4 Rg5 39.Rxg3 Rg6 40.Rxg6+ hxg6
41.Qf2 1-0

[Event "XIV American Continental"]
[Site "Sao Paulo BRA"]
[Date "2019.07.05"]
[Round "1.100"]
[White "Labussiere, Yago"]
[Black "Costa, Iaggo Bernini"]
[Result "1-0"]
[WhiteElo "2101"]
[BlackElo "1507"]
[EventDate "2019.07.05"]
[PlyCount "63"]
[EventRounds "11"]
[EventCountry "BRA"]

1.d4 Nf6 2.c4 g6 3.Nc3 d5 4.Bf4 Bg7 5.e3 O-O 6.Rc1 c6 7.h3 Bf5 8.Nf3 Nbd7 
9.Be2 Nb6 10.c5 Nbd7 11.O-O Re8 12.g4 Nxg4 13.hxg4 Bxg4 14.Ne5 Bh3 15.Re1 
Nxe5 16.dxe5 Qd7 17.Qd4 Qf5 18.Bg3 Bh6 19.Rcd1 e6 20.e4 Qg5 21.Kh1 Bg4 22.
Bxg4 Qxg4 23.exd5 Qh5+ 24.Kg2 exd5 25.Rh1 Qg5 26.f4 Qf5 27.Rxh6 Re6 28.Qd3
Qg4 29.Rdh1 Ree8 30.Rxh7 a6 31.Rh8+ Kg7 32.R1h7# 1-0

[Event "XIV American Continental"]
[Site "Sao Paulo BRA"]
[Date "2019.07.05"]
[Round "1.101"]
[White "Amaral, Danilo Tokechi"]
[Black "Moura, Eduardo Eugenio Chaves"]
[Result "0-1"]
[WhiteElo "1432"]
[BlackElo "2101"]
[EventDate "2019.07.05"]
[PlyCount "48"]
[EventRounds "11"]
[EventCountry "BRA"]

1.e4 d6 2.d4 Nf6 3.Nc3 Nbd7 4.f4 e5 5.Nf3 exd4 6.Nxd4 g6 7.Bd3 Bg7 8.O-O 
O-O 9.f5 c6 10.fxg6 hxg6 11.Nf3 Ng4 12.Kh1 Nde5 13.Nxe5 Bxe5 14.h3 Qh4 15.
Qf3 Nh2 16.Qf2 Bg3 17.Qf6 Nxf1 18.Bg5 Qh5 19.Bxf1 Be5 20.Qe7 Bxh3 21.gxh3 
Rae8 22.Qxb7 Qxg5 23.Qxa7 c5 24.Bc4 Qg3 0-1

[Event "XIV American Continental"]
[Site "Sao Paulo BRA"]
[Date "2019.07.05"]
[Round "1.102"]
[White "Palacio, Igor da Paz"]
[Black "Caldas, Raphael C B R Leitao"]
[Result "1-0"]
[WhiteElo "2098"]
[BlackElo "1421"]
[EventDate "2019.07.05"]
[PlyCount "87"]
[EventRounds "11"]
[EventCountry "BRA"]

1.Nf3 c5 2.g3 g6 3.Bg2 Bg7 4.d3 Nf6 5.O-O O-O 6.e4 d6 7.Nbd2 Nc6 8.c3 Rb8 
9.a3 b5 10.Re1 Bb7 11.Rb1 Nd7 12.Nf1 Ba8 13.d4 a5 14.Be3 h6 15.h4 Qc7 16.
Rc1 Qd8 17.N1h2 b4 18.axb4 axb4 19.Qd2 Kh7 20.Qe2 bxc3 21.bxc3 Rb3 22.Qc2 
Ra3 23.Ra1 Qa5 24.Rxa3 Qxa3 25.h5 Rb8 26.hxg6+ fxg6 27.Bc1 Qb3 28.Qd2 Qc4 
29.Ng4 h5 30.Ne3 Qa4 31.Ng5+ Kg8 32.Bh3 Nf8 33.dxc5 Qb3 34.Qd5+ Qxd5 35.
exd5 Ne5 36.c6 Bxc6 37.dxc6 Nxc6 38.c4 Ne5 39.Rd1 Rb1 40.f4 Nd3 41.Bd2 
Rxd1+ 42.Nxd1 Nb2 43.Nxb2 Bxb2 44.Kf2 1-0

[Event "XIV American Continental"]
[Site "Sao Paulo BRA"]
[Date "2019.07.05"]
[Round "1.103"]
[White "Machado, Wesley Henrique"]
[Black "Souza, Wellington"]
[Result "0-1"]
[WhiteElo "1386"]
[BlackElo "2097"]
[EventDate "2019.07.05"]
[PlyCount "48"]
[EventRounds "11"]
[EventCountry "BRA"]

1.e4 c5 2.b3 Nc6 3.Bb2 d6 4.Bb5 e5 5.Nf3 Nf6 6.d3 Be7 7.Nbd2 O-O 8.Bxc6 
bxc6 9.Nc4 Be6 10.Nfd2 Nd7 11.O-O f5 12.f4 exf4 13.Rxf4 fxe4 14.Rxe4 Bf5 
15.Re3 Bf6 16.Bxf6 Qxf6 17.Qf3 Qxa1+ 18.Qf1 Qxf1+ 19.Kxf1 Bxd3+ 20.Ke1 
Bxc4 21.Nxc4 d5 22.Nd2 Rae8 23.Rxe8 Rxe8+ 24.Kf2 Ne5 0-1

[Event "XIV American Continental"]
[Site "Sao Paulo BRA"]
[Date "2019.07.05"]
[Round "1.104"]
[White "Carvalho, Rafael Cunha de"]
[Black "Reyes, Jesus"]
[Result "1-0"]
[WhiteElo "2096"]
[BlackElo "1354"]
[EventDate "2019.07.05"]
[PlyCount "61"]
[EventRounds "11"]
[EventCountry "BRA"]

1.Nf3 Nf6 2.c4 d6 3.Nc3 g6 4.g3 Bg7 5.Bg2 O-O 6.O-O e5 7.d4 Nfd7 8.e4 exd4
9.Nxd4 a5 10.Be3 Re8 11.Qd2 Ne5 12.b3 Nbc6 13.f3 Bd7 14.Rfd1 a4 15.h3 axb3
16.axb3 Nb4 17.Nd5 Nxd5 18.cxd5 Bc8 19.Rac1 Bf6 20.Qc2 Re7 21.f4 Nd7 22.
Qxc7 Qxc7 23.Rxc7 Nc5 24.Rxe7 Bxe7 25.Rc1 Bd7 26.b4 Na6 27.Bf1 Bd8 28.Ra1 
Nc7 29.Rxa8 Nxa8 30.Nb5 Be7 31.Kf2 1-0

[Event "XIV American Continental"]
[Site "Sao Paulo BRA"]
[Date "2019.07.06"]
[Round "2.25"]
[White "Escalante Ramirez, Brian Sebastian"]
[Black "Campelo, Leandro Fabricio"]
[Result "1/2-1/2"]
[WhiteElo "2447"]
[BlackElo "2155"]
[EventDate "2019.07.05"]
[PlyCount "63"]
[EventRounds "11"]
[EventCountry "BRA"]

1.d4 Nf6 2.c4 g6 3.Nc3 Bg7 4.e4 d6 5.Nf3 O-O 6.Be2 Na6 7.O-O e5 8.Be3 Ng4 
9.Bg5 f6 10.Bh4 g5 11.Bg3 Nh6 12.dxe5 dxe5 13.h4 Nf7 14.hxg5 fxg5 15.Nh2 
c6 16.Bg4 Nc5 17.Qxd8 Rxd8 18.Rad1 Bxg4 19.Nxg4 Ne6 20.Ne3 Nd4 21.f3 Rd7 
22.Nf5 Rad8 23.Nxg7 Kxg7 24.Kf2 Kf6 25.Rh1 Kg6 26.Rd2 Ne6 27.Rxd7 Rxd7 28.
Rd1 Rxd1 29.Nxd1 Nd4 30.Ke3 Ne6 31.Bf2 h5 32.Bg1 1/2-1/2